Παγκοσμιοποίηση (Record no. 3788)
[ view plain ]
| 000 -LEADER | |
|---|---|
| fixed length control field | 02111cam a22001934a 4500 |
| 005 - ΗΜΕΡΟΜΗΝΙΑ ΚΑΙ ΩΡΑ ΤΕΛΕΥΤΑΙΑΣ ΕΝΗΜΕΡΩΣΗΣ | |
| Πεδίο ελέγχου | 20250605164125.0 |
| 008 - FIXED-LENGTH DATA ELEMENTS--GENERAL INFORMATION | |
| Πεδίο ελέγχου σταθερού μήκους | 250528s ||||||||||||||||||||||||d |
| 035 ## - SYSTEM CONTROL NUMBER | |
| System control number | 18427 |
| 020 ## - ISBN | |
| ISBN | 9607809327 |
| 040 ## - ΠΗΓΗ ΚΑΤΑΛΟΓΟΓΡΑΦΗΣΗΣ | |
| Φορέας πρωτότυπης καταλογογράφησης | MC Athens Campus Library |
| Γλώσσα καταλογογράφησης | Ελληνικά, Μοντέρνα (1453-) |
| Modifying agency | MC Athens Campus Library |
| Κανόνες περιγραφικής καταλογογράφησης | AACR2 |
| 245 1# - ΤΙΤΛΟΣ ΚΑΙ ΔΗΛΩΣΗ ΥΠΕΥΘΥΝΟΤΗΤΑΣ | |
| Τίτλος | Παγκοσμιοποίηση |
| 260 ## - PUBLICATION, DISTRIBUTION, ETC. | |
| Name of publisher, distributor, etc. | Τροχαλία, |
| Date of publication, distribution, etc. | 1998 |
| 300 ## - PHYSICAL DESCRIPTION | |
| Extent | 344 |
| 520 ## - SUMMARY, ETC. | |
| Summary, etc. | Το βιβλίο αυτό απευθύνεται τόσο στον ειδικό όσο και ευρύτερα, σε όποιον θέλει να αποκτήσει μία ολοκληρωμένη αντίληψη του σύγχρονου κόσμου και να προβληματισθεί για τις τάσεις και τις προοπτικές που διαμορφώνονται. Εισαγωγή, Ο Πολιτισμός, Η Θεωρία του Πολιτισμού, Στοιχεία του Πολιτισμού, Διεθνείς Σχέσεις και Προβληματισμοί, Η Επικοινωνία, Η Εξέλιξη της Επικοινωνίας, Η Σ'υγχρονη Εποχή, Η Ιδεολογία, Οι Σύγχρονες Πολιτικές Ιδεολογίες, Το Μέλλον της Ιδεολογίας και της Πολιτικής, Το Έθνος, Οι Τέσσερις Περίοδοι του Πολιτισμού, Εθνικισμός και Παγκοσμιοποίηση, Το Μέλλον της Ανθρώπινης Κοινότητας, Η Οικονομία, Η Οικονομική Θεωρία, Τα Νομισματικά Θέματα, Η Διεθνής Χρηματοδότηση, Το Περιβάλλον, Τα Προβλήματα του Περιβάλλοντος, Η Βία, Ο Πόλεμος, Η Τρομοκρατία, Το Οργανωμένο Έγκλημα, Το Δίκαιο, Οι Διεθνείς Σχέσεις, Η Θεωρία των Διεθνών Σχέσεων, Το Κράτος και η Εξωτερική Πολιτική, Βιβλιογραφία. |
| 700 1# - ΠΡΟΣΘΕΤΗ ΑΝΑΓΡΑΦΗ--ΦΥΣΙΚΟ ΠΡΟΣΩΠΟ | |
| Personal name | Αλμπάνης Ευστράτιος Β |
| 9 (RLIN) | 4682 |
| 942 ## - ADDED ENTRY ELEMENTS (KOHA) | |
| Koha item type | Books |
| Τύπος τεκμηρίου | Βιβλιοθήκη | Τρέχουσα τοποθεσία | Barcode | Αριθμός εισαγωγής | Ημερομηνία απόκτησης | Ταξιθετικό σύμβολο | Αριθμός αντιτύπου | Κατάσταση απόσυρσης | Κατάσταση χαμένου | Κατάσταση κατεστραμμένου | Μη δανεισμός | Σύνολο δανεισμών | Ημερομηνία τελευταίας εμφάνισης | Η τιμή ισχύει από |
|---|---|---|---|---|---|---|---|---|---|---|---|---|---|---|
| Books | MC Athens Campus Library | MC Athens Campus Library | 9780000037879 | 3111 | 05/06/2025 | 327.21 ALB | 1 | 05/06/2025 | 05/06/2025 |